Getúlio : (Record no. 83717)
[ view plain ]
| 000 -LEADER | |
|---|---|
| campo de control de longitud fija | 00879cam a2200265 i 4500 |
| 001 - NÚMERO DE CONTROL | |
| campo de control | 111712 |
| 005 - FECHA Y HORA DE LA ÚLTIMA TRANSACCIÓN | |
| campo de control | 20230410132546.0 |
| 008 - DATOS DE LONGITUD FIJA--INFORMACIÓN GENERAL | |
| campo de control de longitud fija | 130801s2007 bl g 000 0 por d |
| 020 ## - NÚMERO INTERNACIONAL ESTÁNDAR DEL LIBRO | |
| Número Internacional Estándar del Libro | 9788577990566 |
| 041 ## - CÓDIGO DE IDIOMA | |
| Código de lengua del texto/banda sonora o título independiente | ptg. |
| 050 14 - SIGNATURA TOPOGRÁFICA DE LA BIBLIOTECA DEL CONGRESO | |
| Número de clasificación | PQ 9698.29 |
| Número de ítem | S586g 2007 |
| 049 ## - FONDOS LOCALES (OCLC) | |
| Biblioteca depositaria | GRAL |
| 100 1# - ENTRADA PRINCIPAL--NOMBRE DE PERSONA | |
| Nombre de persona | Silva, Juremir Machado da., |
| Fechas asociadas al nombre | 1962 |
| 245 10 - MENCIÓN DEL TÍTULO | |
| Título | Getúlio : |
| Resto del título | romance / |
| Mención de responsabilidad, etc. | Juremir Machado da Silva. |
| 260 ## - PUBLICACIÓN, DISTRIBUCIÓN, ETC. | |
| Lugar de publicación, distribución, etc. | Rio de Janeiro : |
| Nombre del editor, distribuidor, etc. | Edicoes BestBolso, |
| Fecha de publicación, distribución, etc. | 2007 c2004 |
| 300 ## - DESCRIPCIÓN FÍSICA | |
| Extensión | 431 p.; |
| Dimensiones | 19cm. |
| 440 #0 - MENCIÓN DE SERIE/PUNTO DE ACCESO ADICIONAL--TÍTULO | |
| Título | Literatura Moderna / Texto Integral; |
| Designación de volumen o secuencia | 053 |
| 500 ## - NOTA GENERAL | |
| Nota general | "Retrata um Getúlio múltiplo, sedutor, complexo, contraditorio, paradoxal: un personagem de romance....( reverso) |
| 650 #0 - PUNTO DE ACCESO ADICIONAL DE MATERIA--TÉRMINO DE MATERIA | |
| Término de materia o nombre geográfico como elemento de entrada | Vargas, Getúlio, 1883-1954 |
| Subdivisión general | Ficcao |
| 650 #0 - PUNTO DE ACCESO ADICIONAL DE MATERIA--TÉRMINO DE MATERIA | |
| Término de materia o nombre geográfico como elemento de entrada | Brasil |
| Subdivisión cronológica | Política e governo |
| Subdivisión geográfica | 1951-1954 |
| 650 #0 - PUNTO DE ACCESO ADICIONAL DE MATERIA--TÉRMINO DE MATERIA | |
| Término de materia o nombre geográfico como elemento de entrada | Romance brasileiro |
| 942 ## - ELEMENTOS DE ENTRADA SECUNDARIOS (KOHA) | |
| Fuente del sistema de clasificación o colocación | Clasificación de Library of Congress |
| Tipo de ítem Koha | |
| 946 ## - PROCESAMIENTO DE INFORMACIÓN LOCAL (OCLC) | |
| a | PP |
| 994 ## - | |
| -- | CO |
| -- | DRFGD |
| Estatus retirado | Estado de pérdida | Fuente del sistema de clasificación o colocación | Estado de daño | No para préstamo | Colección | Biblioteca de origen | Biblioteca actual | Ubicación en estantería | Fecha de adquisición | Serial enumeration / chronology | Signatura topográfica completa | Código de barras | Visto por última vez | Copia número | Tipo de ítem Koha |
|---|---|---|---|---|---|---|---|---|---|---|---|---|---|---|---|
| Clasificación de Library of Congress | Humanidades | Biblioteca Juan Bosch | Biblioteca Juan Bosch | Humanidades (4to. Piso) | 10/04/2023 | 1 | PQ 9698.29 S586g 2007 | 00000105268 | 25/10/2018 | 1 |
